Detalles MARC
| 000 -CABECERA |
| fixed length control field |
01584nam a22003257a 4500 |
| 003 - CONTROL NUMBER IDENTIFIER |
| control field |
AR- Be-UNQ |
| 005 - FECHA Y HORA DE LA ULTIMA TRANSACCION |
| control field |
20260312122509.0 |
| 007 - CAMPO FIJO DE DESCRIPCION FIJA - INFORMACION GENERAL |
| fixed length control field |
ta |
| 008 - ELEMENTOS DE LONGITUD FIJA-INFORMACION GENERAL |
| fixed length control field |
231004b |||adlo|rnlwr 00| 0 spa d |
| 020 ## - NUMERO INTERNACIONAL NORMALIZADO PARA LIBROS |
| Número Internacional Normalizado del libro |
970950015585 |
| 040 ## - FUENTE DE CATALOGACION |
| Agencia de catalogación original |
AR-BeUNQ |
| Idioma de catalogación |
ESPAÑOL |
| Agencia que realiza la transcripción |
AR-BeUNQ |
| Convenciones de la descripción |
aacr |
| 082 ## - NUMERO DE CLASIFICACION DECIMAL DEWEYMBER |
| Número de la edición |
21 |
| Número de clasificación |
371 / MIN |
| 100 01 - ASIENTO PRINCIPAL-NOMBRE PERSONAL |
| Nombre personal |
Ministerio de Educacion de la Nación |
| Término relacionador |
aut. |
| 245 ## - MENCION DE TITULO |
| Título |
Referentes Escolares de ESI : |
| Otra información sobre el título |
Educación Secundaria : parte I |
| Mención de responsabilidad, etc |
Ministerios de Educación de la Nación |
| Medio físico |
libro |
| 250 ## - MENCION DE EDICION |
| Mención de edición |
1a.ed |
| 260 ## - PUBLICACION, DISTRIBUCION, ETC. |
| Lugar de publicación, distribución, etc. |
Ciudad Autónoma de Buenos Aires : |
| Nombre del editor, distribuidor, etc. |
Ministerios de Educación de la Nación, |
| Fecha de publicación, distribución, etc |
2022 |
| 300 ## - DESCRIPCION FISICA |
| Extensión |
170 p. ; |
| Otros detalles físicos |
il. ; |
| Dimensiones |
28x 20 cm |
| 490 ## - MENCION DE SERIE |
| Mención de serie |
Iniciativa Spotlight |
| Designación numérica/secuencial del volumen |
parte I |
| 500 ## - NOTA GENERAL |
| Nota general |
Fundamentos Generales. Palabras Clave.Ejes Conceptuales y Recorrido de las NAP. Propuesta Didáctica. |
| 650 ## - ASIENTO SECUNDARIO DE MATERIA - TERMINO TEMATICO |
| Fuente del encabezamiento o términ |
tell |
| Término temático o nombre geográfico como elemento de entrada |
Formacion Docente |
| 651 ## - ASIENTO SECUNDARIO DE MATERIA - NOMBRE GEOGRAFICO |
| Fuente del encabezamiento o término |
spines |
| Nombre geográfico |
Argentina |
| 929 #1 - DATOS DE ADQUISICION |
| Procedencia |
DONACION |
| Proveedor |
Ministerio de Educación de la Nación |
| Precio |
0 |
| Fecha de recibido |
01/10/2023 |
| Número de Pase u otro número de Donación |
24 |
| 929 #1 - DATOS DE ADQUISICION |
| Procedencia |
DONACION |
| Proveedor |
Ministerio de Educación de la Nación |
| Precio |
0 |
| Fecha de recibido |
13/6/24 |
| Orden de compra |
0 |
| Patrimonio UNQ |
PAT0084924 |
| Número de inventario |
62254 |
| 929 #1 - DATOS DE ADQUISICION |
| Procedencia |
DONACION |
| Proveedor |
Ministerio de Educación de la Nación |
| Precio |
0 |
| Fecha de recibido |
13/06/2024 |
| Orden de compra |
0 |
| Fecha de baja |
0 |
| Patrimonio UNQ |
PAT 0084923 |
| Número de inventario |
62255 |
| 929 #1 - DATOS DE ADQUISICION |
| Procedencia |
DONACION |
| Proveedor |
Ministerio de Educación de la Nación |
| Precio |
0 |
| Fecha de recibido |
13/06/2024 |
| Orden de compra |
0 |
| Fecha de baja |
0 |
| Patrimonio UNQ |
PAT0084920 |
| Número de inventario |
62256 |
| 929 #1 - DATOS DE ADQUISICION |
| Procedencia |
DONACION |
| Proveedor |
Ministerio de Educación de la Nación |
| Orden de compra |
0 |
| Precio |
0 |
| Fecha de recibido |
13/06/2024 |
| Patrimonio UNQ |
PAT 0084921 |
| Número de inventario |
62257 |
| 929 #1 - DATOS DE ADQUISICION |
| Procedencia |
DONACION |
| Proveedor |
Ministerio de Educación de la Nación |
| Orden de compra |
0 |
| Precio |
0 |
| Fecha de recibido |
13/06/2024 |
| Patrimonio UNQ |
0084922 |
| Número de inventario |
62259 |
| 929 #1 - DATOS DE ADQUISICION |
| Procedencia |
DONACION |
| Proveedor |
Ministerio de Educación de la Nación |
| Orden de compra |
0 |
| Precio |
0 |
| Fecha de recibido |
13/06/2024 |
| Patrimonio UNQ |
PAT0084925 |
| Número de inventario |
62260 |
| 942 ## - ELEMENTOS DE PUNTO DE ACCESO ADICIONAL (KOHA) |
| Tipo de ítem Koha |
Libros |